Practical handbook on meat science and technology (Record no. 164800)

MARC details
000 -LEADER
fixed length control field 00698nam a2200241Ia 4500
003 - CONTROL NUMBER IDENTIFIER
control field OSt
005 - DATE AND TIME OF LATEST TRANSACTION
control field 20260214170725.0
008 - FIXED-LENGTH DATA ELEMENTS--GENERAL INFORMATION
fixed length control field 210423s2011 xx 000 0 und d
020 ## - INTERNATIONAL STANDARD BOOK NUMBER
International Standard Book Number 9788170356769
040 ## - CATALOGING SOURCE
Transcribing agency AL
041 ## - LANGUAGE CODE
Language code of text/sound track or separate title English
082 ## - DEWEY DECIMAL CLASSIFICATION NUMBER
Classification number 664.9028
Item number SAHP
100 ## - MAIN ENTRY--PERSONAL NAME
Personal name Jhari Sahoo
9 (RLIN) 104842
245 ## - TITLE STATEMENT
Title Practical handbook on meat science and technology
260 ## - PUBLICATION, DISTRIBUTION, ETC.
Place of publication, distribution, etc. New Delhi
Name of publisher, distributor, etc. Daya Publishing House
Date of publication, distribution, etc. 2011
300 ## - PHYSICAL DESCRIPTION
Extent 442p.
Other physical details HB
365 ## - TRADE PRICE
Price amount 1300
Currency code INR
650 ## - SUBJECT ADDED ENTRY--TOPICAL TERM
Topical term or geographic name entry element Meats & Allied Foods
9 (RLIN) 104843
700 ## - ADDED ENTRY--PERSONAL NAME
Personal name Sharma, Davinder Kumar
9 (RLIN) 254955
700 ## - ADDED ENTRY--PERSONAL NAME
Personal name Chatli, Manish Kumar
9 (RLIN) 254956
906 ## - LOCAL DATA ELEMENT F, LDF (RLIN)
a handbook ; meat ; Practical ; science ; technology.
942 ## - ADDED ENTRY ELEMENTS (KOHA)
Source of classification or shelving scheme Dewey Decimal Classification
Koha item type Book
Holdings
Withdrawn status Lost status Source of classification or shelving scheme Damaged status Not for loan Collection code Home library Current library Date acquired Source of acquisition Cost, normal purchase price Total Checkouts Full call number Barcode Date last seen Date last checked out Price effective from Koha item type
    Dewey Decimal Classification     Food Science and Technology St Aloysius PG Library St Aloysius PG Library 05/02/2013 Athulya Books 1300.00 1 664.9028 SAHP PG011298 03/31/2023 01/09/2023 04/26/2021 Book